[Event "Pescia op-B 5th"]
[Site "Pescia"]
[Date "2013.10.12"]
[Round "2"]
[White "Arsi, Michele"]
[Black "Orlandi, Paolo"]
[Result "1-0"]
[WhiteElo "1555"]
[BlackElo "1661"]
[PlyCount "41"]
[EventDate "2013.10.11"]
[EventType "swiss"]
[EventRounds "5"]
[EventCountry "ITA"]
[SourceTitle "EXT 2015"]
[Source "ChessBase"]
[SourceDate "2014.11.20"]
[SourceVersion "1"]
[SourceVersionDate "2014.11.20"]
[SourceQuality "1"]

1. e4 d6 2. Nc3 Nf6 3. f4 g6 4. Bc4 Bg7 5. d3 0-0 6. Nf3 Nc6 7. h3 Na5 8. Bb3 c6 9. 0-0 b5 10. Qe1 a6 11. Qh4 Nxb3 12. axb3 e6 13. f5 Nd7 14. Ng5 h6 15. fxe6 hxg5 16. Bxg5 f6 17. exd7 fxg5 18. dxc8Q Qb6+ 19. Kh1 gxh4 20. Rxf8+ Bxf8 21. Qxa8 1-0